00718nam a22001937a 450000500170000001000150001702000260003203500140005803700090007208200100008124500990009126001500019027000750034030000200041570000210043570000250045694200240048199900190050520240510114034.0 aENG-140328 c600.00a9788196759391 aEN-123860 bDBAD a658.4 aEmerging Business Trends and Management Practices/cBy A.Anitha, R.C.Shantha and S.Selvanathan aTamil NadubVirudhunagar Hindu Nadars' Senthikumara Nadar College bMangayarkarasi College of Arts and Science for Women, Paravai, Madurai c2023 a25-B T.T.K.Road, (Near M.G.R. Statue) Virudhunagar-626001 bTamil Nadu a296p.c28cm(pb) aAnitha, A966060 aSelvanathan,S966061 2ddccENh658.4kEME c202793d202793